| 000 | 00000nam##2200000za#4500 |
| 001 | 9.571630 |
| 003 | CaOODSP |
| 005 | 20211126112844 |
| 007 | cr ||||||||||| |
| 008 | 150406|1995||||xxc|||||o f|0| 0 eng|d |
| 022 | |a1701-9397 |
| 040 | |aCaOODSP|beng |
| 043 | |an-cn--- |
| 086 | 1 |aFB3-2/95-11E-PDF |
| 110 | 2 |aBank of Canada. |
| 245 | 10|aLong-run demand for M1 / |h[electronic resource]|cby Scott Hendry. |
| 260 | |aOttawa - Ontario : |bBank of Canada |cNovember 1995. |
| 300 | |a79p.|bgraphs, references, tables |
| 490 | 1 |aBank of Canada working paper|x1701-9397|v95-11 |
| 500 | |a"The goal of this paper is to investigate long-run relationships among money, prices, output and interest rates, with a view to determining whether there is a stable long-run relationship that can be determined as money demand."--Introduction and summary. |
| 500 | |aThe ISBN (0-662-23934-2) and ISSN (1192-5434) for the print edition have been incorrectly copied in this electronic publication. |
| 520 | 3 |aThe goal of this paper is to investigate long-run relationships among money, prices, output and interest rates, with a view to determining whether there is a stable long-run relationship that can be determined as money demand.--Introduction and summary |
| 546 | |aRésumé en français. |
| 590 | |a11-19-Supp|b2011-09-23 |
| 690 | 07|aCurrency|2gcpds |
| 720 | 1 |aHendry, Scott |
| 776 | 0#|tLong-run demand for M1 / |w(CaOODSP)9.612648 |
| 830 | #0|aWorking paper (Bank of Canada)|x1701-9397|v95-11|w(CaOODSP)9.504604 |
| 856 | 40|ahttp://publications.gc.ca|qPDF|s506 KB|uhttps://publications.gc.ca/collections/Collection/FB3-2-95-11E.pdf|y95-11 |